000 00716nam a22002531c 4500
001 a987693917
003 RU-10907106
005 20210628165810.0
008 200518s1952 gw a||| 000u ger d
040 _cRU-10907106
_aRU-10907106
_bger
041 _ager
100 1 _aPfeiffer, Oswin Cornelius
245 0 0 _aSibirien :
_bZukunft und Problem dem UDSSR /
_cMit 26 Karten und Schaubildern und 1 Faltkarte
264 _aBerlin :
_bSafari-Verlag,
_c[1952]
300 _a247 Seiten : Illustrationen, Karten
650 _aLandeskunde
650 _aLandwirtschaft
650 _aRessource
650 _aZwangsarbeit
650 _aMigration
651 0 _aSibirien
651 0 _aSowjetunion
942 _cMG
_2z
999 _c30085
_d30085